| 000 | 00463nam a2200145 a 4500 | ||
|---|---|---|---|
| 001 | 000030283 | ||
| 005 | 20200930060210.0 | ||
| 040 |
_aDO-SdBNP _bspa _cBNPHU |
||
| 082 |
_axxx _bR426e |
||
| 110 | 1 |
_aRepública Dominicana. _bSenado de la República _956961 |
|
| 245 | 1 | 0 | _aEvaluación de las alternativas para dotar de agua a la ciudad de Santo Domingo. |
| 260 |
_aSanto Domingo : _bSenado de la República, _c1984. |
||
| 300 |
_a41 p. : _bil. ; _c22 cm. |
||
| 049 | _aBNPD | ||
| 999 |
_c29775 _d29775 |
||